Seven Wonders of the Ancient World - Map Quiz - Hard Version - Statistics

General Stats
  • This quiz has been taken 185 times
    156 since last reset
  • The average score is 5 of 7
Answers on the Map
Answers color-coded by a green-red scale on the quiz's map according to % correct below.
 
Answer Stats
Answer % Correct
Pyramid
94%
Lighthouse
90%
Gardens
88%
Colossus
65%
Statue
53%
Temple
53%
Mausoleum
49%
No matching quizzes found
Score Distribution
Percent of People with Each Score
Percentile by Number Answered
Your Score History
You have not taken this quiz since the last reset